000 00500nam a2200181Ia 4500
005 20251020182616.0
008 200515s9999 xx 000 0 und d
082 _aSC/693.1-4P/I59
110 _aIna
245 0 _aAlbañilería: nivel 1: Módulo 4 P
260 _aSan José
260 _c1981
300 _a72
520 _aMódulo de capacitación en Albañilería. Comprende las operaciones básicas que tiene esta especialidad
650 _aALBAÑILERIA
650 _aPUB INA
942 _cLIB
999 _c3490
_d3490